000 00682nam a2200217Ia 4500
005 20240209143037.0
008 131103s9999 xx 000 0 und d
040 _aLoreto College
041 _aEnglish
082 _a342.954
_bWEI
100 _aWeiner, Myron
245 _aParty politics in India
_b the development of a multi party system
_cMyron Weiner
260 _aPrinceton
_bPrinceton University Press
_c1957
300 _a319 p.
_b ill.,2 maps,5 tables
504 _aIncludes bibliographical references and index
630 _aIndia - Constitutional Law
650 _aConstitution
651 _aConstitutional and Administrative Law
850 _aLCLIB
942 _cBK
999 _c9590
_d60069